00302nam a2200121Ia 4500008004100000100003400041245003400075260002600109300000800135650001300143942000700156999001700163190216s9999||||xx |||||||||||||| ||und|| aMundoor Krishnan Kutty  0aNilapishukkulla Oru Rathriyil bPoorna Pubs Kozhikode a121 aKathakal cBK c28146d28146